| 000 | 02958nam0a2200553 4500 | ||
|---|---|---|---|
| 001 | RU\NLR\bibl\1176164 | ||
| 005 | 20260406194650.0 | ||
| 010 |
_a978-5-02-032104-5 _91000 |
||
| 021 |
_aRU _b2007-81065 _94367 |
||
| 035 | _a(nilc)EL/0000165290 | ||
| 035 | _aVIL\RUSMED\0000115336 | ||
| 035 | _a(NLR Aleph) 001162813 | ||
| 090 |
_a1548312 _c1548312 |
||
| 100 | _a20071204d2007 |||y0rusy50 ca | ||
| 101 | 0 |
_arus _eeng _deng |
|
| 102 | _aRU | ||
| 105 | _aa ||||||||| | ||
| 200 | 1 |
_aПредупреждение и лечение повреждений магистральных сосудов в абдоминальной онкологии _dPrevention and treatment of magistral vessel damages in abdominal oncology _f[Р.И. Расулов, В.В. Дворниченко, П.И. Сандаков и др. _gпод ред. Р.И. Расулова] _gМ-во здравоохранения Рос. Федерации, Иркут. гос. ин-т усовершествования врачей _zeng |
|
| 210 |
_aНовосибирск _cНаука _d2007 |
||
| 215 |
_a110 с., [4] л. ил., цв. ил. _cил. _d21 |
||
| 300 | _aАвт. указаны на обороте тит.л. | ||
| 300 | _aРез. на англ. яз. | ||
| 320 | _aБиблиогр. в конце гл. | ||
| 510 | 0 |
_aPrevention and treatment of magistral vessel damages in abdominal oncology _zeng |
|
| 606 | 1 |
_aКровеносные сосуды брюшной полости _xПовреждения при хирургическом лечении опухолей органов брюшной полости _92502194 _3RU\NLR\auth\661483966 |
|
| 675 |
_a617.55-006-089.166-06 _vudc |
||
| 686 |
_a76.29.30 _2rugasnti |
||
| 686 |
_a76.29.39 _2rugasnti |
||
| 686 |
_a76.29.34 _2rugasnti |
||
| 686 |
_a76.29.49 _2rugasnti |
||
| 686 |
_aC04.588.033 - хирургия _2MeSH |
||
| 686 |
_aC23.550.505 - профилактика и контроль _2MeSH |
||
| 686 |
_aC23.550.505 - хирургия _2MeSH |
||
| 686 |
_aA07.231.114.056.205 - повреждения _2MeSH |
||
| 686 |
_aA07.231.114.056.205 - хирургия _2MeSH |
||
| 686 |
_aC14.907.109 - профилактика и контроль _2MeSH |
||
| 686 |
_aC14.907.109 - этиология _2MeSH |
||
| 686 | _aР569.43-59 | ||
| 701 | 1 |
_aРасулов _bР. И. _gРодион Исмагилович _4070 |
|
| 701 | 1 |
_aДворниченко _bВ. В. _gВиктория Владимировна |
|
| 701 | 1 |
_aСандаков _bП. И. _cканд. мед. наук _gПавел Иванович _9204307 _3RU\NLR\AUTH\770204358 |
|
| 712 | 0 | 2 |
_4570 _aИркутский государственный институт усовершенствования врачей _3RU\NLR\AUTH\889957817 _9411706 |
| 801 | 0 |
_aRU _bЦНМБ _c20071204 _gPSBO |
|
| 801 | 1 |
_aRU _bЦНМБ _c20071204 |
|
| 801 | 2 |
_aRU _bNLR _c20080116 _grcr |
|
| 942 | _cBOOK | ||
| 980 | _aNB | ||